000 00241nam a2200097Ia 4500
001 832550
005 20250826172357.0
008 250824s9999 xx 000 0 und d
245 0 _aSUNGUROĞLU 3
_cYAVUZ BAHADIROĞLU
260 _bNESİL YAYINLARI
999 _c832550
_d832550